000 00329nam a2200145Ia 4500
008 240830s1901 xx 000 0 und d
041 _aeng
082 _a0 S.K
100 _aS.K. DEVDHAR
245 _aSKANDPURAN- PART - 20
260 _bN.D.
_c1901
650 _aSANSKRIT SAMHITA
906 _aN.D.
999 _c1192954
_d1192954